JAVA (Record no. 11354)
[ view plain ]
| 000 -LEADER | |
|---|---|
| fixed length control field | 00461nam a22001577a 4500 |
| 005 - DATE AND TIME OF LATEST TRANSACTION | |
| control field | 20260219025622.0 |
| 008 - FIXED-LENGTH DATA ELEMENTS--GENERAL INFORMATION | |
| fixed length control field | 260219b |||||||| |||| 00| 0 eng d |
| 020 ## - INTERNATIONAL STANDARD BOOK NUMBER | |
| International Standard Book Number | 0 619 21724 3 |
| 040 ## - CATALOGING SOURCE | |
| Transcribing agency | JHCSC |
| 082 ## - DEWEY DECIMAL CLASSIFICATION NUMBER | |
| Edition number | 005.13 |
| 100 ## - MAIN ENTRY--PERSONAL NAME | |
| 9 (RLIN) | 10168 |
| Personal name | Byrom Weber Becker |
| Relator term | Author |
| 245 ## - TITLE STATEMENT | |
| Title | JAVA |
| Remainder of title | Learning to Program with Robots |
| 260 ## - PUBLICATION, DISTRIBUTION, ETC. | |
| Place of publication, distribution, etc. | United States |
| Name of publisher, distributor, etc. | Thomson Course Technology |
| Date of publication, distribution, etc. | 2007 |
| 300 ## - PHYSICAL DESCRIPTION | |
| Extent | xxiv, 831 pages |
| Other physical details | includes illustrations |
| 942 ## - ADDED ENTRY ELEMENTS (KOHA) | |
| Source of classification or shelving scheme | Dewey Decimal Classification |
| Koha item type | Book |
| Withdrawn status | Lost status | Source of classification or shelving scheme | Damaged status | Not for loan | Collection code | Home library | Current library | Shelving location | Date acquired | Total Checkouts | Full call number | Barcode | Date last seen | Price effective from | Koha item type |
|---|---|---|---|---|---|---|---|---|---|---|---|---|---|---|---|
| Dewey Decimal Classification | Information Technology | JHCSC - Canuto MS Enero Campus Library | JHCSC - Canuto MS Enero Campus Library | Circulation | 10/31/2013 | 005.13 B395 2007 | 2013 344 | 02/19/2026 | 02/19/2026 | Book |